000 00261nam a22001217a 4500
082 _a8948123
_bSAS/K
100 _aMADAVOOR SASI
245 _aKOOTTUKAR
260 _aTHRISSUR
_bH&C PUBLISHING HOUSE
300 _a48
650 _aSHORT STORY
_zKERALA
942 _cBK
999 _c1092
_d1092